African democracy and development : challenges for post-connect African nations (Record no. 415)
[ view plain ]
| 000 -LEADER | |
|---|---|
| fixed length control field | 00605nam a2200169Ia 4500 |
| 008 - FIXED-LENGTH DATA ELEMENTS--GENERAL INFORMATION | |
| fixed length control field | 240428s9999||||xx |||||||||||||| ||und|| |
| 020 ## - INTERNATIONAL STANDARD BOOK NUMBER | |
| International Standard Book Number | 9780739197998 |
| 041 ## - LANGUAGE CODE | |
| Language code of text/sound track or separate title | eng |
| 082 ## - DEWEY DECIMAL CLASSIFICATION NUMBER | |
| Classification number | 363.3498V |
| 100 ## - MAIN ENTRY--PERSONAL NAME | |
| Personal name | Venly, Cassandra R. (ed) - Simpson, Dick (ed.) |
| 245 #0 - TITLE STATEMENT | |
| Title | African democracy and development : challenges for post-connect African nations |
| 260 ## - PUBLICATION, DISTRIBUTION, ETC. | |
| Name of publisher, distributor, etc. | Lexington Books |
| Place of publication, distribution, etc. | London |
| Date of publication, distribution, etc. | 2014 |
| 300 ## - PHYSICAL DESCRIPTION | |
| Extent | vii,306p.: photos |
| 650 ## - SUBJECT ADDED ENTRY--TOPICAL TERM | |
| Topical term or geographic name entry element | Postwar Reconstruction- Africa - Democratization - Africa - Economic Development- Political aspects - Nation Building-Sierra Leone |
| 942 ## - ADDED ENTRY ELEMENTS (KOHA) | |
| Koha item type | Books |
| Withdrawn status | Lost status | Damaged status | Not for loan | Home library | Current library | Shelving location | Date acquired | Total checkouts | Full call number | Date last seen | Copy number | Price effective from | Koha item type |
|---|---|---|---|---|---|---|---|---|---|---|---|---|---|
| Main Library | Main Library | Open Shelves | 23/11/2021 | 363.3498V 601 C1 - 363.3498V 602 C2 | 29/04/2024 | 1 | 29/04/2024 | Books |